Daurem l'esdevenidor / Ramon Ballaró ; prefaci de Carles Muñoz Espinalt
Descripción Física:
24 p. ; 22 cm
Colección:
Edicions d'Aportació Catalana ; 37
Otros Autores:
Espinalt, Carles M.
Materias:
Nacionalisme -- Catalunya
MARC
| LEADER | 00000nam a2200000Ia 4500 | ||
|---|---|---|---|
| 001 | 10904 | ||
| 008 | 160829s1967 xx 000 0 cat d | ||
| 080 | |a FU-12-45 | ||
| 100 | |a Ballaró, Ramon |9 20421 | ||
| 245 | |a Daurem l'esdevenidor / Ramon Ballaró ; prefaci de Carles Muñoz Espinalt | ||
| 260 | |a Barcelona : |b S.A. Mediterrània Edicions, |c 1967 | ||
| 300 | |a 24 p. ; |c 22 cm | ||
| 490 | |a Edicions d'Aportació Catalana ; 37 | ||
| 590 | |a Donatiu de la Biblioteca Popular de Granollers. | ||
| 650 | 0 | |a Nacionalisme |z Catalunya |9 11008 | |
| 700 | |a Espinalt, Carles M. |9 20422 | ||
| 901 | |a Arxiu | ||
| 942 | |n 1 | ||
| 952 | |0 0 |1 0 |4 0 |6 FU1245 |7 1 |9 41525 |a Arxiu |b Arxiu |d 2016-12-01 |l 0 |o FU-12-45 |p 10904 |r 2016-12-01 00:00:00 |w 2016-12-01 |y ARXIU | ||
| 999 | |c 43415 |d 43415 | ||